MARC

LEADER 00000nam0a2200000 4500
001 282857
005 20231101235534.0
035 |a (RuTPU)RU\TPU\book\306846 
090 |a 282857 
100 |a 20150203d1984 m y0rusy50 ca 
101 0 |a rus 
102 |a RU 
105 |a a z 000zy 
200 1 |a Памир и его недра  |f Р. Б. Баратов  |g Академия наук СССР (АН СССР) ; отв. ред. И. Е. Губин 
210 |a Москва  |c Наука  |d 1984 
215 |a 104 с.  |c ил. 
225 1 |a Человек и окружающая среда 
606 1 |a Геология  |2 stltpush  |3 (RuTPU)RU\TPU\subj\6095  |9 34054 
606 1 |a Полезные ископаемые  |x Геология  |2 stltpush  |3 (RuTPU)RU\TPU\subj\50069  |9 68818 
610 1 |a Памир 
610 1 |a горы 
610 1 |a происхождение 
610 1 |a возраст 
610 1 |a недра 
610 1 |a МПИ 
610 1 |a месторождения полезных ископаемых 
675 |a 55  |v 4 
675 |a 553  |v 4 
700 1 |a Баратов  |b Р. Б.  |g Рауф Баратович 
702 1 |a Губин  |b И. Е.  |4 340 
712 0 2 |a Академия наук СССР (АН СССР)  |c (Ленинград/Москва)  |c (1925-1991)  |2 stltpush  |3 (RuTPU)RU\TPU\col\722 
801 1 |a RU  |b 63413507  |c 20150203 
801 2 |a RU  |b 63413507  |c 20170725  |g RCR 
942 |c BK